| 000 | 00863cam a22002773a 4500 | ||
|---|---|---|---|
| 001 | 14981 | ||
| 003 | PGUSA | ||
| 005 | 20140828083323.0 | ||
| 008 | 050208s2005||||xxu|||||s|||||000 | eng d | ||
| 040 |
_aPGUSA _beng |
||
| 042 | _adc | ||
| 050 | 4 | _aG | |
| 100 | 1 |
_aBenjamin, of Tudela, _d12th cent. |
|
| 245 | 1 | 4 |
_aThe Itinerary of Benjamin of Tudela _h[electronic resource] / _cof Tudela Benjamin |
| 260 |
_bProject Gutenberg, _c2005 |
||
| 506 | _aPublic domain in the USA. | ||
| 516 | _aElectronic text | ||
| 653 | _aBenjamin, of Tudela, active 12th century | ||
| 653 | _aVoyages and travels | ||
| 653 | _aGeography, Medieval | ||
| 653 | _aJews -- Social life and customs -- Early works to 1800 | ||
| 700 | 1 |
_aAdler, Marcus Nathan, _d1837-1911 |
|
| 830 | 0 |
_aProject Gutenberg _v14981 |
|
| 856 | 4 | 0 | _uhttp://www.gutenberg.org/ebooks/14981 |
| 942 | _cEB | ||
| 999 |
_c244236 _d244236 |
||